000 00687nam a22002297a 4500
005 20170124110237.0
010 _a356035
020 _c00.00
035 _a356035
037 _bCen Lib/Ret
040 _aDPL
_bEN
082 _a658.03
_bENC
245 _aThe encyclopedia of management /
_cedited by Carl Heyel
260 _aLondon
_bReinhold Publishing Corporation
_c1963
270 _aChampman & Hall
_bLondon
300 _axxvii,1084p. :
_b24cm(Hb)
_cill.
500 _aIncludes bibliographical reference and index
650 _aIndustrial management
_972764
650 _aManagement
_93072
700 _aHeyel, Carl
_972765
942 _2ddc
_cEN
_h658.03
_kENC
999 _c134946
_d134946